<?xml version="1.0" encoding="UTF-8"?>
<record
    xmlns:xsi="http://www.w3.org/2001/XMLSchema-instance"
    xsi:schemaLocation="http://www.loc.gov/MARC21/slim http://www.loc.gov/standards/marcxml/schema/MARC21slim.xsd"
    xmlns="http://www.loc.gov/MARC21/slim">

  <leader>01847nam a2200217 a 4500</leader>
  <datafield tag="020" ind1=" " ind2=" ">
    <subfield code="a">0198552939 (hardcover)</subfield>
  </datafield>
  <datafield tag="020" ind1=" " ind2=" ">
    <subfield code="a">9780198552932 (hardcover)</subfield>
  </datafield>
  <datafield tag="082" ind1=" " ind2=" ">
    <subfield code="a">546.5 INC</subfield>
  </datafield>
  <datafield tag="100" ind1=" " ind2=" ">
    <subfield code="a">Inclusion compounds</subfield>
  </datafield>
  <datafield tag="245" ind1="1" ind2="0">
    <subfield code="a">Inclusion compounds : Inorganic and physical aspects of inclusion.Vol.5</subfield>
  </datafield>
  <datafield tag="250" ind1=" " ind2=" ">
    <subfield code="a">1st ed.</subfield>
  </datafield>
  <datafield tag="260" ind1=" " ind2=" ">
    <subfield code="a">[S.l.] :</subfield>
    <subfield code="b">Oxford University Press,</subfield>
    <subfield code="c">1991.</subfield>
  </datafield>
  <datafield tag="300" ind1=" " ind2=" ">
    <subfield code="a">408 p. ;</subfield>
  </datafield>
  <datafield tag="520" ind1=" " ind2=" ">
    <subfield code="a">The rapid growth of interest in inclusion chemistry was highlighted recently by the award of the 1987 Nobel prize for chemistry to Professors D.J. Cram, J.-M. Lehn, and C.J. Pedersen. The principal aim of this book is to provide a comprehensive and up-to-date survey of the field of inclusion chemistry. In-depth coverage of subjects has been achieved by inviting the leading international authorities to write on their particular fields of interest. Their contributions include detailed descriptions of the design, synthesis and structure of organic host molecules, molecular recognition and complexation, and host-guest interaction. Previously underdeveloped subjects are given broad coverage, with separate chapters relating to calixarene chemistry and inclusion mechanisms, acyclic diol hosts, cyclophanes, and lariat ethers. Inclusion Compounds Volume 5 is complete in itself as a reference work on inorganic and physical aspects of inclusion phenomena. This book will be of interest and use to all those concerned with the fundamental study of inclusion compounds, as well as those interested in the applications of such complexes in the analytical, biochemical and industrial fields.</subfield>
  </datafield>
  <datafield tag="650" ind1=" " ind2=" ">
    <subfield code="a">inorganic chemistry,physical aspects</subfield>
  </datafield>
  <datafield tag="700" ind1="1" ind2=" ">
    <subfield code="a">Atwood, J. L.</subfield>
  </datafield>
  <datafield tag="700" ind1="1" ind2=" ">
    <subfield code="a">Davies, J. E. D.</subfield>
  </datafield>
  <datafield tag="700" ind1="1" ind2=" ">
    <subfield code="a">MacNicol, D. D.</subfield>
  </datafield>
  <datafield tag="856" ind1="4" ind2="0">
    <subfield code="u">http://www.amazon.com/exec/obidos/ASIN/0198552939/chopaconline-20</subfield>
  </datafield>
  <datafield tag="942" ind1=" " ind2=" ">
    <subfield code="c">BK</subfield>
  </datafield>
  <datafield tag="999" ind1=" " ind2=" ">
    <subfield code="c">1318</subfield>
    <subfield code="d">1318</subfield>
  </datafield>
  <datafield tag="952" ind1=" " ind2=" ">
    <subfield code="0">0</subfield>
    <subfield code="1">0</subfield>
    <subfield code="7">0</subfield>
    <subfield code="8">NFIC</subfield>
    <subfield code="a">IC</subfield>
    <subfield code="b">IC</subfield>
    <subfield code="c">GEN</subfield>
    <subfield code="d">2015-06-22</subfield>
    <subfield code="l">0</subfield>
    <subfield code="o">546.5 INC</subfield>
    <subfield code="p">002264</subfield>
    <subfield code="r">2022-11-17 00:00:00</subfield>
    <subfield code="w">2015-06-22</subfield>
    <subfield code="y">BK</subfield>
  </datafield>
</record>
